000 00365 a2200133 4500
001 90486
082 _aPR 913
090 _c42819
_d42819
100 _aAdil Mobashir; Insha Hamid, advisor
245 _aModification of P SUB S programme
_nG-23
260 _aKarachi
_bNED University
_c1986
300 _a120 p.
_bhandwritten manuscript
500 _aBE Project Reports
942 _aCAE NUST
_kPR 913
999 _c325559
_d325559